Shadow over America. (Record no. 7393)

MARC details
000 -LEADER
fixed length control field 00656cam a2200229u 4500
001 - CONTROL NUMBER
control field 7470342
003 - CONTROL NUMBER IDENTIFIER
control field GBCCL
005 - DATE AND TIME OF LATEST TRANSACTION
control field 20241126110627.0
008 - FIXED-LENGTH DATA ELEMENTS--GENERAL INFORMATION
fixed length control field 830616s1957 tnu 000 0 eng
010 ## -
-- 57023069
040 ## - CATALOGING SOURCE
Original cataloging agency DLC
Transcribing agency CarP
Modifying agency DLC
050 00 -
-- HV5060
-- .F84
082 ## - DEWEY DECIMAL CLASSIFICATION NUMBER
Classification number 261.832292
Item number FRE
100 1# - MAIN ENTRY--PERSONAL NAME
Personal name Freeman, John Davis,
Dates associated with a name 1884- [from old catalog]
9 (RLIN) 13081
245 10 - TITLE STATEMENT
Title Shadow over America.
260 ## - PUBLICATION, DISTRIBUTION, ETC.
Place of publication, distribution, etc. Nashville,
Name of publisher, distributor, etc. Convention Press
Date of publication, distribution, etc. [1957]
300 ## - PHYSICAL DESCRIPTION
Extent 136 p.
Dimensions 19 cm.
650 #0 - SUBJECT ADDED ENTRY--TOPICAL TERM
Topical term or geographic name entry element Drinking of alcoholic beverages.
9 (RLIN) 13082
650 #0 - SUBJECT ADDED ENTRY--TOPICAL TERM
Topical term or geographic name entry element Temperance.
9 (RLIN) 2552
906 ## - LOCAL DATA ELEMENT F, LDF (RLIN)
a 0
b cbc
c premunv
d u
e ncip
f 19
g y-gencatlg
942 ## - ADDED ENTRY ELEMENTS (KOHA)
Source of classification or shelving scheme Dewey Decimal Classification
Koha item type Books
Holdings
Withdrawn status Lost status Source of classification or shelving scheme Damaged status Not for loan Home library Current Library Shelving location Date acquired Total checkouts Full call number Barcode Date last seen Copy number Price effective from Koha item type
    Dewey Decimal Classification     GRACE BIBLE COLLEGE GRACE BIBLE COLLEGE Ministry & Mission 2018-08-06   261.832292 FRE 000002 2025-05-01 c.1 2018-08-06 Books
    Dewey Decimal Classification     GRACE BIBLE COLLEGE GRACE BIBLE COLLEGE Ministry & Mission 2018-08-06   261.832292 FRE 000028 2025-05-01 c.2 2018-08-06 Books
    Dewey Decimal Classification     GRACE BIBLE COLLEGE GRACE BIBLE COLLEGE Ministry & Mission 2018-08-06   261.832292 FRE 000029 2025-05-01 c.3 2018-08-06 Books
    Dewey Decimal Classification     GRACE BIBLE COLLEGE GRACE BIBLE COLLEGE Ministry & Mission 2018-08-06   261.832292 FRE 000035 2025-05-01 c.4 2018-08-06 Books
© Grace Bible College Library 2025